000 00894cam a22002654a 4500
001 11952175
003 ARRUPE
005 20160926121403.0
008 000324s2000 nyua b 001 0 eng
010 _a 00036321
020 _a1570753393 (pbk.)
040 _aDLC
_cDLC
_dDLC
042 _apcc
050 0 0 _aBV2061
_b.D67 2000
082 0 0 _a266
_221
100 1 _aDorr, Donal.
_915298
245 1 0 _aMission in today's world /
_cDonal Dorr.
260 _aMaryknoll, N.Y. :
_bOrbis Books,
_c2000.
300 _a308 p.;
_bill. ;
_c21 cm.
504 _aIncludes bibliographical references (p. 295-299) and index.
650 0 _aMissions.
_926152
906 _a7
_bcbc
_corignew
_d1
_eocip
_f20
_gy-gencatlg
942 _2lcc
_cMONOGRAPH
999 _c125334
_d125334